History Quiz

Random History or Nation Quiz

US History Hodgepodge III Quiz Stats

Quiz Updated Aug 25, 2016

Challenge
Share
Tweet
Embed
Score 0/40 Timer 07:00
0 Plays Today
Clue Answer % Correct
In what country were 52 Americans taken as hostages from 1979-80?Iran
90%
What famous aviatrix disappeared over the Pacific in 1937?Amelia Earhart
88.3%
Roe v. Wade invalidated restrictive state laws which had made what act illegal?Abortion
87.4%
Finish Eisenhower's campaign slogan: 'I like __'Ike
86.8%
What Yankee great was known as the Bambino?Babe Ruth
86.7%
Who did the US assassinate in May of 2011?Osama bin Laden
81.7%
Who was criticized for pardoning Nixon?Gerald R. Ford
81.1%
Who was the famous daughter of Chief Powhatan?Pocahontas
79%
Which amendment protects citizens against unreasonable searches and seizures?4th Amendment
77.2%
Who was the famous female sharpshooter in Buffalo Bill's Wild West Show?Annie Oakley
68.5%
Which First Lady also worked to create the Universal Declaration of Human Rights for the U.N.?Eleanor Roosevelt
65.9%
Who pardoned draft dodgers of the Vietnam War?Jimmy Carter
62.1%
Who was the only president to serve non-consecutive terms in office?Grover Cleveland
58.8%
What decisive battle catapulted Andrew Jackson to fame at the tail end of the War of 1812?Battle of New Orleans
58.4%
Who is the 'Father of the Constitution'?James Madison
56.8%
Which abolitionist is famous for his 1845 slave narrative and his powerful speaking?Frederick Douglass
56.5%
Which silversmith etched the famous image of the Boston Massacre?Paul Revere
54.7%
Which 'robber baron' controlled much of the railroad industry and founded a university in Tennessee?Cornelius Vanderbilt
50.3%
Who was the first American woman in space?Sally Ride
46.4%
Who beat T. Roosevelt and Taft to become president?Woodrow Wilson
45.5%
Clue Answer % Correct
Which man challenged his slave status in the Supreme Court in 1857?Dred Scott
43.9%
What was 'Mr Madison's War'?War of 1812
43.8%
Which war is known as the 'Forgotten War'?Korean War
42.3%
Who was the British general in charge at Yorktown?Charles Cornwallis
37.8%
To which nation was the Zimmermann Telegram intended?Mexico
35.7%
What New Deal gov't agency was created to build confidence in US banks?FDIC
34.8%
With what action did the US respond when East Germany closed access to West Berlin?Berlin Airlift
33.8%
What were US soldiers called during WWI?Dough Boys
33.4%
What Southern city on the Mississippi lay under siege for 48 days during the Civil War? Vicksburg, MS
31.4%
What nickname was given to the fighting that took place in Kansas during the 1850s?Bleeding Kansas
28.2%
With what geographic feature did the Proclamation Line of 1763 roughly coincide?Appalachian Mountains
28%
Who led a deadly slave revolt in Virginia in 1831?Nat Turner
26%
What craze during the Roaring Twenties displayed people's endurance?Marathon Dancing
25.4%
Who was promoted to “General of the Armies of the United States” for his service during WWI?John J. Pershing
23.9%
Which abolitionist and suffragist from the 1800s wrote 'Ain't I a Woman?'Sojourner Truth
23.6%
What did Mark Twain call the time period that produced great wealth at the expense of factory workers?Gilded Age
22.7%
What Congressional resolution allowed President Johnson to use force in Vietnam?Gulf of Tonkin Resolution
21%
Which battle victory in the US Revolution convinced France to enter the war?Battle of Saratoga
20.8%
With what drink is First Lady Lucy Hayes often associated?Lemonade
17.9%
Which advocate for women's rights helped organize the Seneca Falls Convention along with Lucretia Mott?Elizabeth Cady Stanton
17.4%

You're not logged in!

Compare scores with friends on all Sporcle quizzes.
Join for Free
OR
Log In

You Might Also Like...

Show Comments

Extras

Top Quizzes Today


Score Distribution

Your Account Isn't Verified!

In order to create a playlist on Sporcle, you need to verify the email address you used during registration. Go to your Sporcle Settings to finish the process.

Report this User

Report this user for behavior that violates our Community Guidelines.

Details: